000 00294nam a22001337a 4500
008 170530b xxu||||| |||| 00| 0 eng d
020 _a9780300089158
041 _aeng
080 _a94
100 _a17
101 _aSHH
245 _aTHE LAST EUROPEAN WAR
_cLLUKACS.J
942 _2udc
_cBK
999 _c15097
_d15097